btd 6 quiz - Statistics

General Stats
  • This quiz has been taken 171 times
  • The average score is 7 of 15
Answer Stats
Hint towers % Correct
free dart monkey
93%
quincy hero
75%
tsar bomb
73%
ok boomer boomerang
69%
freeze dirtbag ice
64%
magic wizzard
56%
neeeeawwn ace
46%
the night super monkey
46%
360 sniper
39%
round destruction tack shooter
37%
blub sub
34%
i eat -----> glue gunner
31%
in the night ninja
22%
infinant lives heli piolet
3%
arrg buckeneer
2%
No matching quizzes found
Score Distribution
Percent of People with Each Score
Percentile by Number Answered
Your Score History
You have not taken this quiz